000 00773nam a2200289Ia 4500
005 20260324132252.0
008 008 260324s9999 xx 000 0 eng d
020 _a9781849771832
037 _aEBOOK
040 _aCRL
040 _beng
040 _cCRL
041 _2eng
041 _aeng
084 _qCRL
100 _aOran R Young; Ernst Ulrich von Weizsacker; Marianne Beishem; Matthias Finger
_91188638
245 0 _aLimits to Privatization
245 0 _bHow to Avoid Too Much of a Good Thing - A Report to the Club of Rome
260 _bTaylor and Francis
260 _c2005
365 _a
365 _b205
856 _uhttp://www.taylorfrancis.com/books/9781849771832
942 _cEBOOK
999 _c1786610
_d1786610